Programa nacional de lectura y produccion escrita : lengua, nivel primario /

Guardado en:
Formato: Libro
Publicado: Buenos Aires : Secretar¡a de Programación y Evaluación Educativa, 1994
Materias:
Etiquetas: Agregar Etiqueta
Sin Etiquetas, Sea el primero en etiquetar este registro!
LEADER 00798nam a22001935a 4500
001 CEM.cems008635
005 20060214000000.0
008 130507s1994##################000#0#####d
003 CEMS
082 0 4 |a 372.6 
245 0 0 |a Programa nacional de lectura y produccion escrita :  |b lengua, nivel primario / 
260 |a Buenos Aires :  |b Secretar¡a de Programación y Evaluación Educativa,  |c 1994 
300 |a 97 p. 
505 0 |a Organicemos nuestra Feria del Libro. La Biblioteca en el aula. Juegos literarios y competencias. Actividades de lectura y escritura organizadas por estrategias, tipos de textos y niveles. 
653 |a Comprension lectora 
653 |a Didactica de la lectura 
653 |a Educacion 
653 |a Lectura silenciosa 
859 |a CEMS  |b BIB. CEMS - 11 de abril  |h 372.6  |i Ar37  |p 18045.95  |t Ej.1